Logovisa urheilujoukkueista - Statistics

Yleistilastot
  • Tätä visaa on pelattu 205 kertaa
  • Keskiarvotulos 13 / 28
Vastaustilastot
Kuvavisa Hint Vastaus % Oikein
jääkiekko / jalkapallo Tampereen Ilves
99%
jääkiekko Oulun Kärpät
86%
jääkiekko Mikkelin Jukurit
81%
jalkapallo Helsingin Jalkapalloklubi
77%
jääkiekko Vaasan Sport
77%
jääkiekko Rovaniemen Kiekko
71%
yleisseura Tampereen Pyrintö
66%
koripallo Helsinki Seagulls
65%
jalkapallo Seinäjoen Jalkapallokerho
59%
pesäpallo Sotkamon Jymy
59%
koripallo Korihait
53%
salibandy Classic
51%
jääkiekko Kajaanin Hokki
44%
lentopallo Vammalan Lentopallo
44%
jalkapallo FC Lahti
43%
jääkiekko / Savonlinnan Pallokerho
43%
suunnistus Angelniemen Ankkuri
40%
pesäpallo Manse PP
37%
suunnistus Koovee
36%
salibandy Seinäjoen Peliveljet
35%
pesäpallo Alajärven Ankkurit
28%
jalkapallo IFK Mariehamn
28%
pesäpallo Jyväskylän Lohi
15%
suunnistus Turun Suunnistajat
13%
pesäpallo Laitilan Jyske
12%
suunnistus Kalevan Rasti
9%
pesäpallo Kiteen Pallo -90
8%
yleisseura Oulun Pyrintö
5%
Ehtoja vastaavia visoja ei löytynyt
Tulosjakauma
Jokaisen tuloksen saaneiden osuus
Persentiili vastausten määrän mukaan
Tuloshistoriasi
Et ole pelannut tätä visaa